000 00687nam a2200205Ia 4500
003 GCL
005 20240530103203.0
008 140319s9999 xx 000 0 ara d
040 _aGCL /
_cGCL
082 0 4 _a811.9
_bف ا
100 1 _aفوزى العنتيل
245 1 0 _aالاعمال الكاملة : عبير الارض : رحلة فى اعماق الكلمات /
_cفوزى العنتيل
260 _a[S.N] :
_bالهيئة المصرية العامة للكتاب ،
_c1995
300 _a277 ص
650 0 4 _aالشعر العربى
650 0 4 _aالادب العربى
650 0 4 _aالعصر الحديث
650 0 4 _aدواوين وقصائد
942 _2ddc
_cBK
999 _c37427
_d37427